Στέλλα

Η Στέλλα είναι μια γνωστή τραγουδίστρια του λαϊκού κέντρου Παράδεισος. Είναι μια γοητευτική, εκρηκτική και φιλελεύθερη γυναίκα, που τολμά και ζει τη ζωή της έξω από τους κοινωνικούς περιορισμούς της εποχής μας. Η γνωριμία της με τον Μίλτο, έναν λαϊκό ποδοσφαιριστή, θα τη φέρει λίγο πριν από τον γάμο...

Πλήρης περιγραφή

Αποθηκεύτηκε σε:
Λεπτομέρειες βιβλιογραφικής εγγραφής
Άλλοι συγγραφείς: Κακογιάννης, Μιχάλης, 1922-2011 (Σεναριογράφος, Διευθυντής), Φούντας, Γιώργος (act [Ηθοποιός]), Μερκούρη, Μελίνα, 1920-1994 (Ηθοποιός), Αλεξανδράκης, Αλέκος, 1928-2005 (Ηθοποιός)
Μορφή: Διαφάνειες
Γλώσσα:Greek
Δημοσίευση: Αθήνα : Καραγιάννης-Καρατζόπουλος Α.Ε., c1956.
Θέματα:
Ετικέτες: Προσθήκη ετικέτας
Δεν υπάρχουν, Καταχωρήστε ετικέτα πρώτοι!

MARC

LEADER 00000cgm a2200000 i 4500
001 1/3691
008 100126s1956 gr ||| | || ||gre||
035 |l 10106464 
040 |a GR-MyUa  |b gre  |e AACR2 
041 0 |a gre 
082 7 |a 791.437   |2 (22) 
245 0 0 |a Στέλλα   |h [μαγνητοσκόπηση] /   |c σκηνοθεσία-σενάριο: Μιχάλης Κακογιάννης. 
260 |a Αθήνα :   |b Καραγιάννης-Καρατζόπουλος Α.Ε.,   |c c1956. 
300 |a 1 βιντεοδίσκος (90 λεπτ.) :   |b ομίλ., ασπρόμ. ;   |c 4 3/4 ίν. 
500 |a Κυκλοφόρησε πρώτη φορά ως κινηματογραφική ταινία το 1955. 
508 |a Από το θεατρικό έργο του Ιάκωβου Καμπανέλλη ; φωτογραφία, Κώστας Θεοδωρίδης ; μουσική, Μάνος Χατζιδάκης. 
511 0 |a Μελίνα Μερκούρη, Γιώργος Φούντας, Βούλα Ζουμπουλάκη, Αλέκος Αλεξανδράκης, Τασσώ Καββαδία. 
520 8 |a Η Στέλλα είναι μια γνωστή τραγουδίστρια του λαϊκού κέντρου Παράδεισος. Είναι μια γοητευτική, εκρηκτική και φιλελεύθερη γυναίκα, που τολμά και ζει τη ζωή της έξω από τους κοινωνικούς περιορισμούς της εποχής μας. Η γνωριμία της με τον Μίλτο, έναν λαϊκό ποδοσφαιριστή, θα τη φέρει λίγο πριν από τον γάμο, όμως η περηφάνια της και η αγάπη της για την ελευθερία θα την φέρουν αντιμέτωπη με τον θάνατο. 
650 0 |a Love  |v Drama. 
655 7 |a Feature films  |2 lcgft 
700 1 |a Κακογιάννης, Μιχάλης,   |d 1922-2011,  |e aus  |e drt 
700 1 |a Φούντας, Γιώργος,  |e act [Ηθοποιός] 
700 1 |a Μερκούρη, Μελίνα,   |d 1920-1994,  |e act 
700 1 |a Αλεξανδράκης, Αλέκος,   |d 1928-2005,  |e act 
852 |a INST  |b SYROS  |c AV  |e 20100127  |h 791.437 ΚΑΚ  |p 005500007901  |q 005500007901  |t DVD  |y 23 
901 |a BIBL5-2008-1 
970 |a Κοντού  |b Παρασκευή  |z 26/01/2010